[Event "Tuzla op 16th"]
[Site "Tuzla"]
[Date "2022.11.24"]
[Round "1"]
[White "Markovic, Rade A"]
[Black "Sinanovic, Ermin"]
[Result "1/2-1/2"]
[WhiteElo "1800"]
[BlackElo "2127"]
[PlyCount "55"]
[EventDate "2022.11.24"]
[EventType "swiss"]
[EventRounds "7"]
[EventCountry "BIH"]
[SourceTitle "CBM 211 Extra"]
[Source "ChessBase"]
[SourceDate "2023.01.31"]
[SourceVersion "1"]
[SourceVersionDate "2023.01.31"]
[SourceQuality "1"]

1. e4 c5 2. Nc3 Nc6 3. g3 g6 4. Bg2 Bg7 5. d3 e6 6. Nge2 Nge7 7. Be3 d6 8. 0-0 0-0 9. f4 d5 10. f5 gxf5 11. exd5 exd5 12. d4 c4 13. Nf4 Be6 14. Qd2 Kh8 15. Rae1 Qd7 16. Nce2 Ng6 17. c3 Nce7 18. Nh5 Ng8 19. Qc2 Nf6 20. Nxf6 Bxf6 21. Bh3 f4 22. Bxe6 fxe6 23. Nxf4 Nxf4 24. Rxf4 Rf7 25. Ref1 Raf8 26. Qf2 Kg8 27. Rg4+ Bg7 28. Rf4 1/2-1/2

[Event "Lukavac op 8th"]
[Site "Lukavac"]
[Date "2019.11.24"]
[Round "5"]
[White "Barisic, Predrag"]
[Black "Markovic, Rade A"]
[Result "1-0"]
[WhiteElo "2045"]
[BlackElo "1803"]
[PlyCount "97"]
[EventDate "2019.11.22"]
[EventType "swiss"]
[EventRounds "7"]
[EventCountry "BIH"]
[SourceTitle "CBM 193 Extra"]
[Source "ChessBase"]
[SourceDate "2020.01.31"]
[SourceVersion "1"]
[SourceVersionDate "2020.01.31"]
[SourceQuality "1"]

1. d4 e5 2. d5 f5 3. e4 Nf6 4. exf5 Bc5 5. Nc3 d6 6. g4 0-0 7. Bg5 c6 8. Bxf6 Rxf6 9. Ne4 Rf8 10. Nxc5 Qa5+ 11. Qd2 Qxc5 12. 0-0-0 Bd7 13. Bg2 Na6 14. Nh3 Nb4 15. a3 Nxd5 16. Bxd5+ cxd5 17. Rhe1 d4 18. Ng5 Rac8 19. Ne4 Qc7 20. Kb1 Bc6 21. Ng5 Bd5 22. b3 Qc3 23. f4 Rfe8 24. Qxc3 Rxc3 25. Rxd4 h6 26. Rxd5 hxg5 27. fxe5 dxe5 28. Rdxe5 Rxe5 29. Rxe5 Kf7 30. Re6 Rh3 31. Rg6 Rxh2 32. Rxg5 Rg2 33. Rg6 Rd2 34. Kb2 Rd4 35. Kc3 Rf4 36. a4 a5 37. Kd3 Rf3+ 38. Kd4 Rf4+ 39. Ke3 Rb4 40. Kf3 Kf8 41. Rd6 Ke7 42. Rd5 b6 43. Re5+ Kf6 44. Re6+ Kf7 45. Re4 g6 46. Rxb4 axb4 47. fxg6+ Kxg6 48. Kf4 Kf6 49. Ke4 1-0

[Event "Sarajevo Bosna op 48th"]
[Site "Sarajevo"]
[Date "2018.05.11"]
[Round "9"]
[White "Markovic, Rade A"]
[Black "Nestorovic, Katarina"]
[Result "0-1"]
[WhiteElo "1767"]
[BlackElo "2038"]
[PlyCount "118"]
[EventDate "2018.05.05"]
[EventType "swiss"]
[EventRounds "9"]
[EventCountry "BIH"]
[SourceTitle "CBM 184 Extra"]
[Source "ChessBase"]
[SourceDate "2018.06.28"]
[SourceVersion "1"]
[SourceVersionDate "2018.06.28"]
[SourceQuality "1"]

1. e4 c5 2. Nc3 Nc6 3. g3 e6 4. Bg2 g6 5. f4 Bg7 6. Nf3 Nge7 7. 0-0 0-0 8. d3 d6 9. Be3 Nd4 10. e5 Nef5 11. Re1 Nxe3 12. Rxe3 d5 13. Ne2 Nf5 14. Qd2 Nxe3 15. Qxe3 b6 16. h4 Bb7 17. Qd2 Qc7 18. h5 Rad8 19. hxg6 hxg6 20. c3 Qd7 21. d4 Ba6 22. g4 f6 23. Ng3 fxe5 24. fxe5 Qe7 25. g5 Kh7 26. Kf2 Rf7 27. Rh1+ Kg8 28. Kg1 Rxf3 29. Bxf3 Rf8 30. Qe3 cxd4 31. cxd4 Qf7 32. Kg2 Qf4 33. Qxf4 Rxf4 34. Rd1 Bf8 35. Kf2 Be7 36. Ne2 Rf5 37. Rc1 Bxg5 38. Rc6 Kf7 39. Rc7+ Be7 40. Rxa7 Bxe2 41. Kxe2 Rf4 42. Ke3 g5 43. Rb7 Rh4 44. Rxb6 g4 45. Bg2 Bd8 46. Rb7+ Kg6 47. b4 Bg5+ 48. Kf2 Rh8 49. a4 Rf8+ 50. Kg3 Kh5 51. Rh7+ Kg6 52. Rh1 Bd2 53. Rb1 Kg5 54. Bf1 Bf4+ 55. Kg2 Be3 56. Re1 Bxd4 57. a5 Kh4 58. Kh1 Rf2 59. Bg2 Kg3 0-1

[Event "Sarajevo Bosna op 48th"]
[Site "Sarajevo"]
[Date "2018.05.08"]
[Round "6"]
[White "Beslija, Hana"]
[Black "Markovic, Rade A"]
[Result "0-1"]
[WhiteElo "1129"]
[BlackElo "1767"]
[PlyCount "60"]
[EventDate "2018.05.05"]
[EventType "swiss"]
[EventRounds "9"]
[EventCountry "BIH"]
[SourceTitle "CBM 184 Extra"]
[Source "ChessBase"]
[SourceDate "2018.06.28"]
[SourceVersion "1"]
[SourceVersionDate "2018.06.28"]
[SourceQuality "1"]

1. e4 e5 2. Nf3 Nc6 3. d4 exd4 4. Nxd4 Bc5 5. Be3 Qf6 6. c3 Nge7 7. Bd3 Nxd4 8. cxd4 Bxd4 9. Bxd4 Qxd4 10. Nc3 c6 11. 0-0 0-0 12. Re1 Qe5 13. Qc2 Ng6 14. g3 d6 15. f4 Qc5+ 16. Kg2 Qh5 17. f5 Ne5 18. Be2 Qh6 19. Rf1 g6 20. f6 Bh3+ 21. Kh1 Bxf1 22. Rxf1 Rae8 23. Nd1 Re6 24. h4 Rfe8 25. Rf2 g5 26. h5 g4 27. Rh2 Nf3 28. Bxf3 gxf3 29. Rh4 Rxf6 30. Nf2 Qe3 0-1

[Event "Sarajevo Bosna op 48th"]
[Site "Sarajevo"]
[Date "2018.05.05"]
[Round "1"]
[White "Markovic, Rade A"]
[Black "Cerovic, Danilo"]
[Result "0-1"]
[WhiteElo "1767"]
[BlackElo "2307"]
[PlyCount "52"]
[EventDate "2018.05.05"]
[EventType "swiss"]
[EventRounds "9"]
[EventCountry "BIH"]
[SourceTitle "CBM 184 Extra"]
[Source "ChessBase"]
[SourceDate "2018.06.28"]
[SourceVersion "1"]
[SourceVersionDate "2018.06.28"]
[SourceQuality "1"]

1. e4 e6 2. d4 d5 3. Nc3 Nf6 4. Bg5 Bb4 5. e5 h6 6. Bd2 Bxc3 7. Bxc3 Ne4 8. Qf3 0-0 9. 0-0-0 f6 10. Bb4 c5 11. Bxc5 Nxc5 12. dxc5 fxe5 13. Qe3 Nc6 14. Bd3 e4 15. Bb5 Ne7 16. f3 Qa5 17. Qb3 e3 18. c4 a6 19. a4 axb5 20. axb5 dxc4 21. Qxc4 Nd5 22. Rd4 Qe1+ 23. Kc2 Ra1 24. Kb3 Qa5 25. Kc2 Bd7 26. Rxd5 Bxb5 0-1

[Event "Sarajevo Bosna op 46th"]
[Site "Sarajevo"]
[Date "2016.06.02"]
[Round "8"]
[White "Markovic, Rade A"]
[Black "Lakovic, Igor"]
[Result "0-1"]
[WhiteElo "1730"]
[BlackElo "1944"]
[PlyCount "46"]
[EventDate "2016.05.28"]
[EventType "swiss"]
[EventRounds "9"]
[EventCountry "BIH"]
[SourceTitle "EXT 2019"]
[Source "ChessBase"]
[SourceDate "2018.10.10"]
[SourceVersion "1"]
[SourceVersionDate "2018.10.10"]
[SourceQuality "1"]

1. e4 c6 2. d4 d5 3. exd5 cxd5 4. c4 Nf6 5. Nc3 e6 6. Nf3 Bb4 7. Bd3 dxc4 8. Bxc4 0-0 9. 0-0 b6 10. Bg5 Bb7 11. Bd3 Bxc3 12. bxc3 Nbd7 13. Ne5 Nxe5 14. Bxf6 Qxf6 15. dxe5 Qg5 16. g3 Qxe5 17. Qc2 g6 18. Rae1 Qc5 19. h4 Rac8 20. c4 Rfd8 21. Re3 Rd4 22. Rfe1 Rcd8 23. Re5 Qc7 0-1

[Event "Sarajevo Bosna op 46th"]
[Site "Sarajevo"]
[Date "2016.05.30"]
[Round "4"]
[White "Halilovic, Fahrudin"]
[Black "Markovic, Rade A"]
[Result "1-0"]
[WhiteElo "1973"]
[BlackElo "1730"]
[PlyCount "44"]
[EventDate "2016.05.28"]
[EventType "swiss"]
[EventRounds "9"]
[EventCountry "BIH"]
[SourceTitle "EXT 2019"]
[Source "ChessBase"]
[SourceDate "2018.10.10"]
[SourceVersion "1"]
[SourceVersionDate "2018.10.10"]
[SourceQuality "1"]

1. e4 e5 2. Nf3 Nc6 3. c3 Nf6 4. d4 Nxe4 5. d5 Bc5 6. dxc6 Bxf2+ 7. Ke2 bxc6 8. Qa4 f5 9. Nbd2 0-0 10. Nxe4 fxe4 11. Nxe5 Bb6 12. Nc4 Rf2+ 13. Kd1 d5 14. Nxb6 Bg4+ 15. Ke1 Rxg2 16. h4 axb6 17. Qxc6 Rg1 18. Bg5 Rxh1 19. Bxd8 Rxd8 20. Kd2 Rf8 21. Qxd5+ Kh8 22. Qxe4 h5 1-0

[Event "Sarajevo Bosna op-B 44th"]
[Site "Sarajevo"]
[Date "2014.06.05"]
[Round "8"]
[White "Markovic, Rade A"]
[Black "Becirbasic, Atif"]
[Result "1-0"]
[WhiteElo "1804"]
[BlackElo "1865"]
[PlyCount "61"]
[EventDate "2014.05.30"]
[EventType "swiss"]
[EventRounds "9"]
[EventCountry "BIH"]
[SourceTitle "CBM 160 Extra"]
[Source "ChessBase"]
[SourceDate "2014.07.01"]
[SourceVersion "1"]
[SourceVersionDate "2014.07.01"]
[SourceQuality "1"]

1. e4 e5 2. Nf3 Nc6 3. Bc4 Bc5 4. c3 Nf6 5. d4 exd4 6. cxd4 Bb4+ 7. Nc3 Nxe4 8. 0-0 Bxc3 9. d5 Bf6 10. Re1 0-0 11. Rxe4 Na5 12. Bd3 d6 13. Nd4 c5 14. dxc6 Nxc6 15. Nxc6 bxc6 16. Qc2 Bf5 17. Re3 Bxd3 18. Rxd3 Qc7 19. Bf4 Be5 20. Bxe5 dxe5 21. Rc3 Rac8 22. Rc1 Rfd8 23. g3 Rd6 24. Rc5 f6 25. b4 Qd7 26. b5 Rd5 27. Qc4 Rd8 28. bxc6 Qe6 29. Rxd5 Rxd5 30. Qxd5 Qxd5 31. c7 1-0

[Event "Sarajevo Bosna op-B 44th"]
[Site "Sarajevo"]
[Date "2014.06.01"]
[Round "4"]
[White "Markovic, Rade A"]
[Black "Bajramovic, Halid"]
[Result "0-1"]
[WhiteElo "1804"]
[BlackElo "2197"]
[PlyCount "70"]
[EventDate "2014.05.30"]
[EventType "swiss"]
[EventRounds "9"]
[EventCountry "BIH"]
[SourceTitle "CBM 160 Extra"]
[Source "ChessBase"]
[SourceDate "2014.07.01"]
[SourceVersion "1"]
[SourceVersionDate "2014.07.01"]
[SourceQuality "1"]

1. e4 g6 2. d4 Bg7 3. Be3 d6 4. f3 c5 5. Qd2 Nc6 6. Bb5 Bd7 7. Ne2 a6 8. Bxc6 Bxc6 9. Nbc3 b6 10. 0-0 h5 11. Rad1 Bb7 12. dxc5 bxc5 13. Qe1 Rc8 14. Nf4 Nf6 15. e5 Nd7 16. e6 Ne5 17. exf7+ Kxf7 18. Nfd5 e6 19. Nf4 d5 20. Nxe6 Kxe6 21. f4 Ng4 22. f5+ Kf7 23. Bg5 Qd6 24. fxg6+ Kxg6 25. Bf4 Qd7 26. h3 Bd4+ 27. Rxd4 cxd4 28. hxg4 Rce8 29. gxh5+ Rxh5 30. Qg3+ Kh7 31. Bd6 dxc3 32. Rf6 Qg7 33. Qf3 Qg5 34. Rf7+ Kg6 35. Bf4 Qh4 0-1